|
|
|
|
| LEADER |
00633cam a2200229 7i4500 |
| 001 |
0000036719 |
| 005 |
20211124090000.0 |
| 007 |
##ta |
| 008 |
211124s2003 my e 000 1 may |
| 020 |
# |
# |
|a 9838935271
|
| 040 |
# |
# |
|a MATR
|
| 090 |
0 |
0 |
|a FM 899.233
|b SUR
|
| 100 |
0 |
# |
|a Suratmi Ahmad
|
| 245 |
1 |
0 |
|a Inikah Suratan
|c Suratmi Ahmad.
|
| 264 |
# |
0 |
|a Kuala Lumpur:
|b Creative Enterprise,
|c 2003.
|
| 300 |
# |
# |
|a 353 pages;
|c 18 cm.
|
| 336 |
# |
# |
|a text
|2 rdacontent
|
| 337 |
# |
# |
|a unmediated
|2 rdamedia
|
| 338 |
# |
# |
|a volume
|2 rdacarrier
|
| 650 |
0 |
0 |
|a Malay fiction
|
| 650 |
0 |
0 |
|a Malaysian fiction (Malay)
|
| 999 |
|
|
|a F000000022
|b Book
|c Book
|e BICplus
|